000 00739cam a22002413a 4500
001 26295
003 PGUSA
005 20140828083551.0
008 080813s2008||||xxu|||||s|||||000 | eng d
040 _aPGUSA
_beng
042 _adc
050 4 _aE186
050 4 _aCT
100 1 _aThayer, William Makepeace,
_d1820-1898
245 1 4 _aThe Printer Boy. :
_bOr How Benjamin Franklin Made His Mark. An Example for Youth.
_h[electronic resource] /
_cWilliam Makepeace Thayer
260 _bProject Gutenberg,
_c2008
506 _aPublic domain in the USA.
516 _aElectronic text
653 _aFranklin, Benjamin, 1706-1790
830 0 _aProject Gutenberg
_v26295
856 4 0 _uhttp://www.gutenberg.org/ebooks/26295
942 _cEB
999 _c255550
_d255550